000 00569nam a2200217Ia 4500
003 OSt
005 20220928151851.0
006 a|||||r|||| 00| 0
007 ta
008 220927b |||||||| |||| 00| 0 eng d
024 _a131913
037 _cTextual
040 _aSDCL
_cSDCL
_beng
041 _2eng
_aeng
082 _aR39(Delta ,6), L5
100 _aSherover Charles M. Au.
_9518377
245 0 _aHuman experience of time.
260 _c1975
942 _hR39(Delta ,6), L5
_cTEXL
_2CC
999 _c853245
_d853245